| 000 | 00678nam a2200205 a 4500 | ||
|---|---|---|---|
| 001 | BRCA_847 | ||
| 005 | 20190320203156.0 | ||
| 008 | 830815s1982 sp-f---##b---s001-0#spa-# | ||
| 020 | _a8450054435 | ||
| 040 |
_aDLC _cDLC _dDLC |
||
| 050 | 4 |
_aNK7162 _b.B73 1982 |
|
| 100 | 1 |
_aBrasas Egido, José Carlos _92823 |
|
| 245 | 1 | 0 |
_aLa platería palentina _cJosé Carlos Brasas Egido. |
| 260 |
_a[Palencia] _bExcma. Diputación Provincial de Palencia _c1982 |
||
| 300 |
_a118 p. _bil., 255 p. de láminas _c24 cm. |
||
| 500 | _aIncluye índice de artistas e índice topográfico | ||
| 504 | _aBibliografía: p. [113]-114 | ||
| 650 | 1 | 4 |
_aPlatería religiosa _zEspaña _92824 |
| 942 |
_2lcc _cB |
||
| 999 |
_c742 _d742 |
||